Statistics for Metallica Lyrics

Click here to take the quiz!

General Stats

  • This quiz has been taken 2,641 times
  • The average score is 10 of 15

Answer Stats

Hint Answer % Correct
Sleep with one eye open Gripping your pillow tightEnter Sandman
94%
Hold my breath as I wish for death Oh please God, wake meOne
90%
One thousand deaths Searching, Seek and DestroySeek and Destroy
89%
Laughter, laughter All I hear or see is laughterMaster of Puppets
87%
never cared for what they do, never cared for what they know, but I knowNothing Else Matters
83%
Hypnotizing power Crushing all that cower Battery is here to stayBattery
83%
Fire To begin whipping dance of the dead Blackened is the endBlackened
75%
New blood joins this earth, And quickly he's subdued, Through constant pained disgrace The young boy learns their rulesThe Unforgiven
73%
Do, do my work, Do my dirty work, scapegoatSad But True
72%
Turn on, I see red Adrenaline crash and crack my head Nitro junkie, paint me dead And I see redFuel
64%
No locked doors, no windows barred No things to make my brain seem scarredWelcome Home (Sanitarium)
60%
No one but me can save myself, but it's too late Now I can't think, think why I should even tryFade To Black
56%
(You flush it out, you flush it out) He never gets respectSt. Anger
47%
I killed your baby today And it Doesn't matter much to meLast Caress / Green Hell
28%
Deafening Painstaking Reckoning This vertigo it doth bringThe Shortest Straw
15%

Score Distribution

Percentile by Number Answered

Percent of People with Each Score

Your Score History

You have not taken this quiz